000 00281nam a2200121Ia 4500
008 190216s9999||||xx |||||||||||||| ||und||
100 _aMuhamed Vellila
245 0 _aNiskaram
260 _bPoomkavanam Books Publishers
300 _a110
650 _aIslamic History
942 _cBK
999 _c22329
_d22329